Математика 3.6 / ДО 2023 (11.03.04, 13.03.02): электронный курс

書誌詳細
第一著者: Имас О. Н. Ольга Николаевна
団体著者: Национальный исследовательский Томский политехнический университет Инженерная школа ядерных технологий Отделение математики и математической физики (570)
要約:Заглавие с экрана
Основной целью курса является развитие математической интуиции, воспитание математической культуры; формирование навыков, необходимых для использования знаний при изучении специальных дисциплин и дальнейшей практической деятельности; овладение необходимым математическим аппаратом, дающим возможность анализировать, моделировать и решать технические задачи; воспитание отношения к математике как к инструменту исследования и решения технических задач, необходимому в дальнейшей профессиональной деятельности. Курс предназначен для изучения в 3 семестре. В курсе раскрываются основные понятия рядов, функций комплексной переменной, дифференциальных уравнений и операционного исчисления. Особое внимание уделяется усвоению студентами теоретического материала, применению полученных знаний к решению типовых математических задач.
Интерактивный мультимедиа ресурс
AM_Login_TPU
言語:ロシア語
出版事項: Томск, TPU Moodle, 2024
主題:
オンライン・アクセス:https://design.lms.tpu.ru/course/view.php?id=5062
フォーマット: MixedMaterials 電子媒体 図書
KOHA link:https://koha.lib.tpu.ru/cgi-bin/koha/opac-detail.pl?biblionumber=675257

MARC

LEADER 00000nlm0a2200000 4500
001 675257
005 20241016155701.0
090 |a 675257 
100 |a 20241008d2024 m||y0rusy50 ca 
101 0 |a rus 
102 |a RU 
105 |a a j 000yy 
135 |a jrcn ---uucaa 
181 0 |a i   |b  e  
182 0 |a b 
183 0 |a cr  |2 RDAcarrier 
200 1 |a Математика 3.6 / ДО 2023 (11.03.04, 13.03.02)  |e электронный курс  |f О. Н. Имас  |g Национальный исследовательский Томский политехнический университет, Отделение математики и математической физики 
203 |a Текст  |c электронный  |b визуальный 
210 |a Томск  |c TPU Moodle  |d 2024 
283 |a online_resource  |2 RDAcarrier 
300 |a Заглавие с экрана 
330 |a Основной целью курса является развитие математической интуиции, воспитание математической культуры; формирование навыков, необходимых для использования знаний при изучении специальных дисциплин и дальнейшей практической деятельности; овладение необходимым математическим аппаратом, дающим возможность анализировать, моделировать и решать технические задачи; воспитание отношения к математике как к инструменту исследования и решения технических задач, необходимому в дальнейшей профессиональной деятельности. Курс предназначен для изучения в 3 семестре. В курсе раскрываются основные понятия рядов, функций комплексной переменной, дифференциальных уравнений и операционного исчисления. Особое внимание уделяется усвоению студентами теоретического материала, применению полученных знаний к решению типовых математических задач. 
336 |a Интерактивный мультимедиа ресурс 
371 |a AM_Login_TPU 
606 1 |a Математика  |9 83171 
610 1 |a электронный ресурс 
610 1 |a труды учёных ТПУ 
610 1 |a электронное обучение 
610 1 |a кампусные онлайн-курсы 
610 1 |a дистанционное образование 
610 1 |a дистанционное обучение 
610 1 |a e-learning 
610 1 |a Moodle 
610 1 |a ряды 
610 1 |a теория функции комплексного переменного 
610 1 |a дифференциальные уравнения 
610 1 |a операционное исчисление 
675 |a 51(075.8)  |v 4 
700 1 |a Имас  |b О. Н.  |c математик  |c доцент Томского политехнического университета, кандидат физико-математических наук  |f 1967-  |g Ольга Николаевна  |9 14079 
712 0 2 |a Национальный исследовательский Томский политехнический университет  |c (2009- )  |b Инженерная школа ядерных технологий  |b Отделение математики и математической физики  |9 26305  |4 570 
801 0 |a RU  |b 63413507  |c 20241008  |g RCR 
850 |a 63413507 
856 4 |u https://design.lms.tpu.ru/course/view.php?id=5062  |z https://design.lms.tpu.ru/course/view.php?id=5062 
942 |c CF